000 00361nam a22001577a 4500
003 OSt
008 210318b ||||| |||| 00| 0 eng d
020 _a9788126524226
100 _aBALANIS,constantine A
245 _aAntenna Theory Analysis and Design
250 _a3rd
260 _aNew Delhi
_bWiley
300 _a721
650 _aECE
942 _2ddc
_cBK
999 _c10560
_d10560